| 000 | 00693nam a2200193Ia 4500 | ||
|---|---|---|---|
| 001 | 2930 | ||
| 003 | GE_BSU | ||
| 008 | 181216s||||||||xx |||||||||||||| ||und|| | ||
| 040 | _cGE_BSU | ||
| 080 | _a620.197 | ||
| 100 | _aВолков, В.Г. Тесов,Н.И. Шуванов, В.В. | ||
| 245 | _aСправочник по защите подземных металлических сооружений от коррозии. | ||
| 260 | _aЛ. | ||
| 260 | _bНедра. | ||
| 260 | _c1975. | ||
| 300 | _a224 стр.с илл.22см. | ||
| 653 | _aСправочник по защите подземных металлических сооружений от коррозии. | ||
| 942 | _cBK | ||
| 999 |
_c36978 _d36978 |
||